<?xml version="1.0" encoding="UTF-8"?><?xml-stylesheet type="text/xsl" href="static/style.xsl"?><OAI-PMH xmlns="http://www.openarchives.org/OAI/2.0/" xmlns:xsi="http://www.w3.org/2001/XMLSchema-instance" xsi:schemaLocation="http://www.openarchives.org/OAI/2.0/ http://www.openarchives.org/OAI/2.0/OAI-PMH.xsd"><responseDate>2026-04-13T06:47:13Z</responseDate><request verb="GetRecord" identifier="oai:www.recercat.cat:2117/389898" metadataPrefix="marc">https://recercat.cat/oai/request</request><GetRecord><record><header><identifier>oai:recercat.cat:2117/389898</identifier><datestamp>2025-07-22T18:45:45Z</datestamp><setSpec>com_2072_1033</setSpec><setSpec>col_2072_452951</setSpec></header><metadata><record xmlns="http://www.loc.gov/MARC21/slim" xmlns:dcterms="http://purl.org/dc/terms/" xmlns:xsi="http://www.w3.org/2001/XMLSchema-instance" xmlns:doc="http://www.lyncode.com/xoai" xsi:schemaLocation="http://www.loc.gov/MARC21/slim http://www.loc.gov/standards/marcxml/schema/MARC21slim.xsd">
   <leader>00925njm 22002777a 4500</leader>
   <datafield ind2=" " ind1=" " tag="042">
      <subfield code="a">dc</subfield>
   </datafield>
   <datafield ind2=" " ind1=" " tag="720">
      <subfield code="a">Camacho Puigmartí, Toni</subfield>
      <subfield code="e">author</subfield>
   </datafield>
   <datafield ind2=" " ind1=" " tag="260">
      <subfield code="c">2022-07-18</subfield>
   </datafield>
   <datafield ind2=" " ind1=" " tag="520">
      <subfield code="a">La indústria audiovisual i l’automobilisme no han tingut grans relacions durant la&#xd;
història, i menys al món dels ral·lis (el qual aprofundirà aquest treball). Per tant, aquest&#xd;
projecte es planteja oferir un trailer audiovisual capaç de transmetre grans emocions i&#xd;
sentiments d’un pilot, seguint la seva trajectòria des dels seus inicis i fins a l’actualitat.&#xd;
Començant per una fase de preproducció, el desenvoluparà una breu història relatant&#xd;
moments memorables de la seva trajectòria, juntament amb la cerca de localitzacions&#xd;
interessants per al rodatge.&#xd;
També, en l’últim procés de postproducció es generarà digitalment alguna seqüència&#xd;
mitjançant CGI, que juntament amb varis efectes visuals s’integraran al vídeo final per&#xd;
augmentar l’interès visual. Per últim, es realitzarà un treball sonor per complementar el&#xd;
film i oferir una millor experiència a l’espectador.&#xd;
Amb tot el procés finalitzat, el trailer servirà com una petita promoció per al pilot, el&#xd;
qual serà l’actor del tràiler, i es compartirà al públic en general mitjançant la plataforma&#xd;
de YouTube</subfield>
   </datafield>
   <datafield tag="653" ind2=" " ind1=" ">
      <subfield code="a">Àrees temàtiques de la UPC::So, imatge i multimèdia::Creació multimèdia::Producció audiovisual</subfield>
   </datafield>
   <datafield tag="653" ind2=" " ind1=" ">
      <subfield code="a">Film trailers</subfield>
   </datafield>
   <datafield tag="653" ind2=" " ind1=" ">
      <subfield code="a">Automobile rallies</subfield>
   </datafield>
   <datafield tag="653" ind2=" " ind1=" ">
      <subfield code="a">Trailer</subfield>
   </datafield>
   <datafield tag="653" ind2=" " ind1=" ">
      <subfield code="a">Video</subfield>
   </datafield>
   <datafield tag="653" ind2=" " ind1=" ">
      <subfield code="a">Automobilisme</subfield>
   </datafield>
   <datafield tag="653" ind2=" " ind1=" ">
      <subfield code="a">Efectes</subfield>
   </datafield>
   <datafield tag="653" ind2=" " ind1=" ">
      <subfield code="a">Visuals</subfield>
   </datafield>
   <datafield tag="653" ind2=" " ind1=" ">
      <subfield code="a">CGI</subfield>
   </datafield>
   <datafield tag="653" ind2=" " ind1=" ">
      <subfield code="a">Rodatge</subfield>
   </datafield>
   <datafield tag="653" ind2=" " ind1=" ">
      <subfield code="a">Postproducció</subfield>
   </datafield>
   <datafield tag="653" ind2=" " ind1=" ">
      <subfield code="a">After</subfield>
   </datafield>
   <datafield tag="653" ind2=" " ind1=" ">
      <subfield code="a">Effects</subfield>
   </datafield>
   <datafield tag="653" ind2=" " ind1=" ">
      <subfield code="a">Integració</subfield>
   </datafield>
   <datafield tag="653" ind2=" " ind1=" ">
      <subfield code="a">3d</subfield>
   </datafield>
   <datafield tag="653" ind2=" " ind1=" ">
      <subfield code="a">Tràilers</subfield>
   </datafield>
   <datafield tag="653" ind2=" " ind1=" ">
      <subfield code="a">Ral·lis d'automòbils</subfield>
   </datafield>
   <datafield ind2="0" ind1="0" tag="245">
      <subfield code="a">Producció audiovisual d’un tràiler utilitzant VFX i CGI</subfield>
   </datafield>
</record></metadata></record></GetRecord></OAI-PMH>